| 000 | 00706cam a2200205 4500 | ||
|---|---|---|---|
| 999 |
_c126271 _d126271 |
||
| 005 | 20190129115829.0 | ||
| 008 | 190129b sp ||||| |||| 00| 0 spa d | ||
| 020 | _a8472141195 | ||
| 050 | 0 | 4 |
_aNA2542 _bS74 1978 |
| 100 | 1 | _aSteadman, Philip | |
| 240 | 1 | 0 |
_aEnergy, environment and buildings _lEspañol |
| 245 | 0 |
_aEnergia, medio ambiente y edificacion / _cPhilip Steadman ; traducción Rosa Aguilar ; diseño de la portada Cesar Bovis. |
|
| 250 | _a1a ed. | ||
| 260 |
_aMadrid, España : _bH. Blume Ediciones, _c1978 |
||
| 300 |
_ap.v. : _bil.; _c27 cm. |
||
| 650 | 7 |
_aArquitectura y clima _2lemb |
|
| 650 | 7 |
_aConstrucciones _xEnergia, conservacion _2lemb |
|
| 700 | 1 |
_aAguilar, Rosa, _etraducción |
|
| 700 | 1 |
_a Bovis, Cesar, _eIlustrador de portada |
|
| 942 |
_2lcc _cLIB |
||